Brawlers dans Brawl Star - Statistiques

Statistiques générales
  • Ce quiz a été pris 68 fois
  • Le résultat moyen est 27 sur 66
Statistiques - réponses
Hint Réponse % Correct
1 Shelly
94%
3 Colt
83%
46 Léon
69%
4 Bull
67%
2 Nita
67%
45 Corbac
65%
5 Brock
60%
9 Rosa
60%
44 Spike
58%
8 Poco
56%
20 Bo
52%
10 Jessie
52%
23 Polly
52%
11 Dynamike
50%
33 Mortis
50%
16 Penny
50%
50 Gael
48%
51 Surge
48%
12 Tick
48%
48 Ambre
46%
7 Bartaba
46%
14 Ricochet
46%
55 Belle
44%
56 Buzz
44%
29 Edgar
44%
47 Emeri
44%
34 Tara
44%
17 Carl
42%
15 Darryl
42%
43 Meg
40%
24 Pam
40%
13 Arkad
38%
26 Billie
38%
6 Costo
38%
66 Mandy
38%
35 D'jinn
37%
21 Eliza
37%
25 Franck
37%
53 Lou
37%
27 Béa
35%
39 Byron
35%
61 Janet
35%
28 Nani
35%
63 Sam
35%
49 Chester
33%
52 Colette
33%
18 Jacky
33%
36 Max
33%
22 Stu
33%
60 Eve
31%
58 Lola
31%
41 Gray
29%
37 Monsieur M.
29%
57 Ash
27%
59 Fang
27%
31 Grom
27%
54 Médor
27%
65 R-T
27%
40 Squeak
27%
30 Griff
25%
19 Gus
25%
62 Otis
25%
38 Wally
25%
32 Bonnie
23%
64 Buster
23%
42 Willow
21%
Aucun quiz correspondant
Distribution des résultats
% des personnes avec chaque résultat
Percentile par nombre de réponses
Votre historique - résultats
Vous n’avez pas pris ce quiz